000 01064nam a2200289 a 4500
001 ebr10417329
003 CaPaEBR
006 m u
007 cr cn|||||||||
008 101215s2010 ii a sb 001 0 eng d
020 _z9788183989985
040 _aCaPaEBR
_cCaPaEBR
035 _a(OCoLC)664122798
050 1 4 _aQD381
_b.G87 2010eb
100 1 _aGupta, Alka L.
245 1 0 _aPolymer chemistry
_h[electronic resource] /
_cAlka L. Gupta.
250 _aRev. ed.
260 _aMeerut, India :
_bPragati Publications,
_c2010.
300 _a260 p., iv :
_bill.
504 _aIncludes bibliographical references and index.
533 _aElectronic reproduction.
_bPalo Alto, Calif. :
_cebrary,
_d2011.
_nAvailable via World Wide Web.
_nAccess may be limited to ebrary affiliated libraries.
650 0 _aPolymers.
650 0 _aPolymerization.
655 7 _aElectronic books.
_2local
710 2 _aebrary, Inc.
856 4 0 _uhttp://site.ebrary.com/lib/rucke/Doc?id=10417329
_zAn electronic book accessible through the World Wide Web; click to view
999 _c187660
_d187660